Peranan agama Islam dan kesannya ke atas perkembangan peradaban umat Islam khususnya di alam Melayu /
Saved in:
| 主要作者: | |
|---|---|
| 格式: | Thesis 圖書 |
| 語言: | Malay |
| 出版: |
2002.
|
| 主題: | |
| 在線閱讀: | http://studentsrepo.um.edu.my/id/eprint/359 |
| 標簽: |
添加標簽
沒有標簽, 成為第一個標記此記錄!
|
| LEADER | 01192cam a2200277 a 4500 | ||
|---|---|---|---|
| 001 | u507995 | ||
| 003 | SIRSI | ||
| 008 | 990618s2002 my a t 00 10 may m | ||
| 035 | |a ACW-8493 | ||
| 040 | |a UMM | ||
| 090 | |a CB20 |b UM 2002 Zawhm | ||
| 100 | 0 | 0 | |a Zawiah Haji Mat. |
| 245 | 1 | 0 | |a Peranan agama Islam dan kesannya ke atas perkembangan peradaban umat Islam khususnya di alam Melayu / |c Zawiah binti Hj. Mat. |
| 260 | |c 2002. | ||
| 300 | |a xix, 165 leaves : |b ill. ; |c 30 cm. | ||
| 502 | |a Dissertation (M.A. (Civilization Stud.)) -- Program Pengajian Peradaban, Fakulti Sastera dan Sains Sosial, Universiti Malaya, 2003. | ||
| 504 | |a Bibliography: leaves 141-150. | ||
| 650 | 0 | |a Civilization, Islamic |x Conduct of life. | |
| 650 | 0 | |a Islam |x Influences |x Civilization. | |
| 650 | 0 | |a Malays |x Religious life. | |
| 650 | 0 | |a Muslims |x Civilization. | |
| 710 | 2 | 0 | |a Universiti Malaya. |b Fakulti Sastera dan Sains Sosial. |b Pengajian Peradaban. |
| 856 | 4 | 1 | |u http://studentsrepo.um.edu.my/id/eprint/359 |
| 948 | |a 15/01/2003 |b 30/08/2004 | ||
| 596 | |a 1 | ||
| 999 | |a CB20 UM 2002 ZAWHM |w LC |c 1 |i A510979105 |d 24/6/2022 |e 24/6/2022 |l STACKS |m P01UTAMA |n 20 |r Y |s Y |t TESIS |u 2/9/2004 |o .PUBLIC. PROJEK PENDIGITISAN -5/4/2005 | ||
